000 01632nas1a22004091i 4500
001 RU\NLR\INFOCOMM33\1000074782
005 20240725231007.0
011 _a2500-3631
035 _a(NLR Aleph) 003155914
090 _a3052518
_c3052518
100 _a20040424a19969999|||y0rusy50 ca
101 0 _arus
102 _aRU
110 _azyu||||0|y0
200 1 _aМир божий
_eДухов. жизнь и православ. культура
210 _aМ.
_d1996 -
801 1 _aRU
_bInfoComm
_c20040424
801 0 _aRU
_bNLR
_gPSBO
801 2 _aRU
_bNLR
_c20090514
_2rusmarc
852 _aNLR
_jП38/152
942 _cSE
980 _aRUSPER